00670nam a2200241 a 4500001001300000003000900013005001700022008004100039020002300080082001500103100001800118245001600136260002900152300000900181500003500190505001700225650002300242700001800265902000800283942000700291952011500298999001500413nice12345678IN_TiNIC20260116011634.0050524s1976 newa grp 000 0 eng  a0582616 c10000a297.2bWAD aWaddy, Charis aMuslim Mind aNew YorkbLongman c1976 a205p aincludes index and biblioraphy2 aindex, notes aIslam-Meccan Trade1 aWaddy, Charis bSRS cBK 001040708StackRoom-aHMIbHMId2007-07-11g100.00l0o297.2 WADp09065r2007-07-11v100.00w2005-05-24yBK c3049d3049